00441 a2200157 4500001000700000003000400007005001700011008004100028020001800069082001600087100002400103245010100127250001200228260003300240300001000273065738OSt20210903125517.0  a9788126518531 a519.2bT73P1 aTrivedi, Kishore S.1 aProbability and statistics with reliability queueing and computer sciencecby Kishore S. Trivedi a2nd ed. aNew DelhibWiley Indiac2008 a830p.